| 000 | 00443nam a2200157Ia 4500 | ||
|---|---|---|---|
| 005 | 20250613023118.0 | ||
| 008 | 240331s9999 xx 000 0 und d | ||
| 020 | _a9552075645 | ||
| 082 |
_bJAY _a307 |
||
| 100 | _aJayawardena,H.V.P.S | ||
| 245 | 0 | _aGami jana wahara | |
| 260 |
_aColombo _bS. Godage & Brothers _c2005 |
||
| 300 | _a200 p ., | ||
| 500 | _aRural People are slaves- A collection of words Selected from the vernacular | ||
| 942 | _cL | ||
| 999 |
_c5080 _d5080 |
||